[Event "32. Balaton Festival 2014 - Open"]
[Site "Balatonboglár"]
[Date "2014.06.16"]
[Round "3.3"]
[White "Balint, Vilmos"]
[Black "Srebrnic, Vojko"]
[Result "1-0"]
[WhiteElo "2211"]
[BlackElo "2163"]
[PlyCount "147"]
[EventDate "2014.06.14"]
[EventType "swiss"]
[EventRounds "9"]
[EventCountry "HUN"]
[Source "lmi"]
[SourceDate "2014.06.14"]

1. b3 b6 2. Bb2 Bb7 3. e3 e6 4. f4 f5 5. Qh5+ g6 6. Qh3 Nf6 7. Nf3 Bg7 8. Nc3
Nc6 9. O-O-O Qe7 10. Be2 O-O-O 11. Ne5 Nxe5 12. fxe5 Ne4 13. Nxe4 Bxe4 14. Bf3
Bxf3 15. Qxf3 Kb8 16. a4 d5 17. d4 Qd7 18. h4 h5 19. Ba3 Bf8 20. Bxf8 Rhxf8 21.
Qg3 Rg8 22. Qg5 Rdf8 23. Rh3 Qd8 24. Qh6 Qe7 25. Rdh1 Rf7 26. Rg3 Rfg7 27. Kb2
Kb7 28. Qg5 Qxg5 29. Rxg5 c5 30. c4 Kc6 31. Kc3 a5 32. Rh3 Kd7 33. Kd3 Ke7 34.
cxd5 exd5 35. Rf3 Ke6 36. Rf1 Rf7 37. Ke2 Rff8 38. Rf3 Rc8 39. Kd3 Rcf8 40. Rf2
Rc8 41. Rc2 Kf7 42. Rg3 Ke6 43. Rh3 Rgf8 44. Rh1 Rc7 45. g3 Rfc8 46. Rhc1 Rc6
47. Ke2 Kf7 48. Kf3 R8c7 49. Kf4 Rc8 50. Kg5 Kg7 51. dxc5 bxc5 52. Rd1 c4 53.
Rxd5 cxb3 54. Rxc6 Rxc6 55. Rd7+ Kf8 56. Rb7 b2 57. Rxb2 Ke7 58. Rb5 Rc4 59.
Kxg6 Rg4+ 60. Kxf5 Rxg3 61. Rxa5 Rf3+ 62. Kg5 Rxe3 63. Kxh5 Rg3 64. Kh6 Kf7 65.
h5 Rg4 66. Ra6 Re4 67. e6+ Kf6 68. a5 Rc4 69. e7+ Kxe7 70. Kg7 Rf4 71. h6 Rf7+
72. Kg6 Rf1 73. h7 Rg1+ 74. Kh6 1-0

[Event "32. Balaton Festival 2014 - Open"]
[Site "Balatonboglár"]
[Date "2014.06.16"]
[Round "3.4"]
[White "Nemeth, Andras"]
[Black "Borsos, Bogdan"]
[Result "1/2-1/2"]
[WhiteElo "2043"]
[BlackElo "2204"]
[PlyCount "118"]
[EventDate "2014.06.14"]
[EventType "swiss"]
[EventRounds "9"]
[EventCountry "HUN"]
[Source "lmi"]
[SourceDate "2014.06.14"]

1. e4 e5 2. Nf3 Nc6 3. Bb5 Nf6 4. O-O Nxe4 5. d4 Nd6 6. Bxc6 dxc6 7. dxe5 Nf5
8. Qxd8+ Kxd8 9. Nc3 Ne7 10. Rd1+ Ke8 11. h3 Ng6 12. Be3 Bb4 13. Ne2 Be7 14.
Nf4 Nxf4 15. Bxf4 a5 16. Rd2 h6 17. Nd4 a4 18. a3 Bg5 19. Bxg5 hxg5 20. e6 Bxe6
21. Nxe6 fxe6 22. Rad1 Ke7 23. Rd7+ Kf6 24. R1d3 Ra5 25. Rxc7 Rb5 26. Rf3+ Kg6
27. b4 axb3 28. cxb3 Rg8 29. b4 c5 30. bxc5 g4 31. Rg3 Kf5 32. Rxg4 Rb1+ 33.
Kh2 g5 34. Rf7+ Kg6 35. Rf3 Rc8 36. Rb4 Rc1 37. Rxb7 R8xc5 38. Rb6 Re1 39. Kg3
Ra5 40. Rbb3 Ra1 41. Rbe3 e5 42. Re4 R1xa3 43. Ree3 Rxe3 44. Rxe3 Kf5 45. Kf3
Ra4 46. Rb3 g4+ 47. Kg3 gxh3 48. Kxh3 Rf4 49. Rb8 Ke6 50. f3 Rf7 51. Rg8 Kf5
52. Kh4 Rh7+ 53. Kg3 Rf7 54. Rg4 Ra7 55. Re4 Ra8 56. Kf2 Ra2+ 57. Re2 Ra4 58.
g4+ Kf4 59. Kg2 Rb4 1/2-1/2

[Event "32. Balaton Festival 2014 - Open"]
[Site "Balatonboglár"]
[Date "2014.06.16"]
[Round "3.5"]
[White "Farago, Ivan"]
[Black "Grabow, Pouelsten Holm"]
[Result "1-0"]
[WhiteElo "2441"]
[BlackElo "2147"]
[PlyCount "67"]
[EventDate "2014.06.14"]
[EventType "swiss"]
[EventRounds "9"]
[EventCountry "HUN"]
[Source "lmi"]
[SourceDate "2014.06.14"]

1. d4 d5 2. c4 e6 3. Nf3 Nf6 4. Nc3 Be7 5. Bf4 c5 6. dxc5 Bxc5 7. e3 O-O 8.
cxd5 Nxd5 9. Nxd5 exd5 10. a3 Nc6 11. Bd3 d4 12. Bxh7+ Kh8 13. Bb1 dxe3 14. Qc2
Qa5+ 15. b4 Bxb4+ 16. axb4 Qxb4+ 17. Kf1 e2+ 18. Kxe2 g6 19. Qd2 Re8+ 20. Be3
Qb5+ 21. Bd3 Qh5 22. Kf1 Kg8 23. Be2 Bg4 24. h3 Qh8 25. Rc1 Ne5 26. Nxe5 Bxe2+
27. Qxe2 Qxe5 28. g3 a5 29. Qf3 Re7 30. Kg2 a4 31. Rhd1 a3 32. Bc5 Re6 33. Bxa3
Rf6 34. Qd3 1-0

[Event "32. Balaton Festival 2014 - Open"]
[Site "Balatonboglár"]
[Date "2014.06.16"]
[Round "3.6"]
[White "Kozma, Edit"]
[Black "Babits, Andras"]
[Result "0-1"]
[WhiteElo "1962"]
[BlackElo "2082"]
[PlyCount "38"]
[EventDate "2014.06.14"]
[EventType "swiss"]
[EventRounds "9"]
[EventCountry "HUN"]
[Source "lmi"]
[SourceDate "2014.06.14"]

1. e4 e5 2. d4 exd4 3. Qxd4 Nc6 4. Qe3 Nf6 5. Nc3 Bb4 6. Bd2 d6 7. O-O-O O-O 8.
Bd3 Ne5 9. Be2 Be6 10. Nd5 Bxd5 11. exd5 Nxd5 12. Qe4 Bxd2+ 13. Rxd2 c6 14. f4
Ng6 15. g3 Qa5 16. Bc4 Nf6 17. Qd3 d5 18. Bb3 Ne4 19. Re2 Nf2 0-1

[Event "32. Balaton Festival 2014 - Open"]
[Site "Balatonboglár"]
[Date "2014.06.16"]
[Round "3.7"]
[White "Jeszenszky, Jozsef"]
[Black "Szabo, Zsolt"]
[Result "0-1"]
[WhiteElo "1958"]
[BlackElo "2303"]
[PlyCount "50"]
[EventDate "2014.06.14"]
[EventType "swiss"]
[EventRounds "9"]
[EventCountry "HUN"]
[Source "lmi"]
[SourceDate "2014.06.14"]

1. e4 d6 2. d4 Nf6 3. Nc3 g6 4. Be2 Bg7 5. g4 Nc6 6. Be3 e5 7. d5 Nd4 8. f3 O-O
9. Qd2 c6 10. O-O-O Qa5 11. h4 cxd5 12. Bh6 Be6 13. h5 Rac8 14. Bxg7 Kxg7 15.
hxg6 fxg6 16. Qh6+ Kg8 17. exd5 Bxd5 18. Nxd5 Rxc2+ 19. Kb1 Qxd5 20. Rxd4 Rxb2+
21. Kxb2 Qxd4+ 22. Kb1 Rc8 23. Nh3 Qb4+ 24. Ka1 Rc2 25. Bc4+ Qxc4 0-1

[Event "32. Balaton Festival 2014 - Open"]
[Site "Balatonboglár"]
[Date "2014.06.16"]
[Round "3.8"]
[White "Baliuniene, Margarita"]
[Black "Pirisi, Gabor"]
[Result "0-1"]
[WhiteElo "1957"]
[BlackElo "2246"]
[PlyCount "62"]
[EventDate "2014.06.14"]
[EventType "swiss"]
[EventRounds "9"]
[EventCountry "HUN"]
[Source "lmi"]
[SourceDate "2014.06.14"]

1. d4 Nf6 2. c4 g6 3. Nc3 Bg7 4. e4 O-O 5. Nf3 d6 6. Be2 Na6 7. O-O c5 8. d5
Nc7 9. Rb1 a6 10. Qc2 b5 11. cxb5 axb5 12. b4 cxb4 13. Rxb4 Na6 14. Rxb5 Bd7
15. Rb1 Qc7 16. Bxa6 Rxa6 17. Qe2 Rfa8 18. Bd2 Ng4 19. Rfc1 Ra3 20. Na4 Qa7 21.
Nb6 Rf8 22. Nxd7 Qxd7 23. h3 Ne5 24. Nxe5 Bxe5 25. Be3 Qa4 26. Rc4 Qa6 27. Rb6
Rxe3 28. Rxa6 Rxe2 29. Kf1 Rb2 30. Ra7 Rfb8 31. a4 Ra2 0-1

[Event "32. Balaton Festival 2014 - Open"]
[Site "Balatonboglár"]
[Date "2014.06.16"]
[Round "3.9"]
[White "Kincs, Imre"]
[Black "Radics, Laszlo Dr"]
[Result "1-0"]
[WhiteElo "2100"]
[BlackElo "1920"]
[PlyCount "59"]
[EventDate "2014.06.14"]
[EventType "swiss"]
[EventRounds "9"]
[EventCountry "HUN"]
[Source "lmi"]
[SourceDate "2014.06.14"]

1. d4 c5 2. d5 Nf6 3. Nc3 e5 4. e4 d6 5. h3 g6 6. Nf3 Bg7 7. a4 O-O 8. Nd2 b6
9. a5 Ba6 10. axb6 axb6 11. Qf3 Qc8 12. Nc4 Bxc4 13. Rxa8 Bxf1 14. Rxf1 Qb7 15.
Ra1 b5 16. g4 Na6 17. Bg5 Nd7 18. Qe2 c4 19. Ra5 b4 20. Rb5 Qc7 21. Nd1 Rc8 22.
Bd2 c3 23. bxc3 bxc3 24. Bxc3 Ndc5 25. Ra5 Qb6 26. h4 Nc7 27. g5 Rb8 28. Ra1
Nb5 29. Rb1 Na4 30. Qc4 1-0

[Event "32. Balaton Festival 2014 - Open"]
[Site "Balatonboglár"]
[Date "2014.06.16"]
[Round "3.10"]
[White "Bodrogi, Mihaly"]
[Black "Gorbe, Szabolcs"]
[Result "1-0"]
[WhiteElo "2076"]
[BlackElo "1903"]
[PlyCount "49"]
[EventDate "2014.06.14"]
[EventType "swiss"]
[EventRounds "9"]
[EventCountry "HUN"]
[Source "lmi"]
[SourceDate "2014.06.14"]

1. d4 d5 2. c4 c6 3. Nc3 Nf6 4. Nf3 dxc4 5. e4 b5 6. e5 Nd5 7. a4 e6 8. axb5
Bb4 9. Bd2 Bxc3 10. bxc3 cxb5 11. Ng5 h6 12. Ne4 O-O 13. Qh5 f5 14. Nd6 Bd7 15.
g4 Be8 16. Qh3 Bg6 17. Rg1 f4 18. g5 hxg5 19. Qxe6+ Bf7 20. Qg4 Nc6 21. Nxb5
Re8 22. Qxg5 Qxg5 23. Rxg5 Rab8 24. Nd6 Re7 25. Bxc4 1-0

[Event "32. Balaton Festival 2014 - Open"]
[Site "Balatonboglár"]
[Date "2014.06.16"]
[Round "3.16"]
[White "Morvay, Eszter"]
[Black "Gaal, Alexander"]
[Result "0-1"]
[WhiteElo "1602"]
[BlackElo "1980"]
[PlyCount "70"]
[EventDate "2014.06.14"]
[EventType "swiss"]
[EventRounds "9"]
[EventCountry "HUN"]
[Source "lmi"]
[SourceDate "2014.06.14"]

1. e4 g6 2. d4 Bg7 3. Nf3 d6 4. Bc4 e6 5. Bg5 Ne7 6. Nc3 a6 7. O-O b5 8. Bb3
Bb7 9. d5 e5 10. Qd2 h6 11. Be3 g5 12. h4 g4 13. Nh2 f5 14. f4 g3 15. Nf3 Ng6
16. h5 Nh4 17. Qe1 exf4 18. Bxf4 Nxf3+ 19. Rxf3 Bd4+ 20. Be3 Be5 21. exf5 Qh4
22. Ne2 Qh2+ 23. Kf1 Rg8 24. Bf4 Nd7 25. Bxe5 Nxe5 26. Rf4 O-O-O 27. Qb4 Qxh5
28. Rd1 Ng4 29. Rd3 Qh1+ 30. Ng1 Nh2+ 31. Ke1 Qxg1+ 32. Kd2 Rde8 33. Re4 Qxg2+
34. Kc3 Rxe4 35. Qa5 b4+ 0-1

[Event "32. Balaton Festival 2014 - Open"]
[Site "Balatonboglár"]
[Date "2014.06.16"]
[Round "3.21"]
[White "Lang, Gusztav Jr"]
[Black "Rahimkulov, Margarita"]
[Result "0-1"]
[WhiteElo "1842"]
[BlackElo "1389"]
[PlyCount "74"]
[EventDate "2014.06.14"]
[EventType "swiss"]
[EventRounds "9"]
[EventCountry "HUN"]
[Source "lmi"]
[SourceDate "2014.06.14"]

1. e4 e6 2. d4 d5 3. exd5 exd5 4. Nf3 Nf6 5. Be2 Be7 6. O-O O-O 7. b3 Bg4 8.
Bb2 Nc6 9. Re1 Re8 10. c4 Qd7 11. Nbd2 Rad8 12. Ne5 Bxe2 13. Qxe2 Qe6 14. Ndf3
Bb4 15. Ng5 Qe7 16. Red1 Rf8 17. c5 Nd7 18. Qh5 h6 19. Ngf3 Ndxe5 20. Nxe5 Nxe5
21. a3 Bxa3 22. Bxa3 Nc6 23. b4 Rfe8 24. Qg4 Qe4 25. Qg3 Nxd4 26. Kh1 f6 27.
Bb2 Nf5 28. Qc3 d4 29. Qc4+ Kh7 30. Rxa7 Qe1+ 31. Qf1 Qxf1+ 32. Rxf1 d3 33. Rd1
Re2 34. Bc3 Rxf2 35. Rxb7 d2 36. Rxc7 Ne3 37. Bxf6 Rxf6 0-1

[Event "32. Balaton Festival 2014 - Open"]
[Site "Balatonboglár"]
[Date "2014.06.17"]
[Round "4.1"]
[White "Aczel, Gergely"]
[Black "Nagy, Ervin Dr"]
[Result "1-0"]
[WhiteElo "2464"]
[BlackElo "2248"]
[PlyCount "141"]
[EventDate "2014.06.14"]
[EventType "swiss"]
[EventRounds "9"]
[EventCountry "HUN"]
[Source "lmi"]
[SourceDate "2014.06.14"]

1. d4 Nf6 2. c4 e6 3. Nc3 Bb4 4. Qc2 Nc6 5. Nf3 d5 6. cxd5 exd5 7. Bg5 h6 8.
Bxf6 Qxf6 9. e3 O-O 10. a3 Bxc3+ 11. Qxc3 Bg4 12. Be2 Bxf3 13. Bxf3 Rfd8 14.
O-O Qd6 15. Rfc1 a5 16. Qb3 Ra7 17. Qa4 Ne7 18. b4 b6 19. b5 Rc8 20. Rab1 f5
21. g3 Rd8 22. Rc3 Rd7 23. Rbc1 Ra8 24. h4 Kf8 25. Qb3 Rad8 26. h5 Rc8 27. Kg2
Qe6 28. Rh1 c6 29. bxc6 Rxc6 30. Rxc6 Qxc6 31. Rb1 Rd6 32. Be2 Qc7 33. Bb5 Rd8
34. Ba4 Rb8 35. Qb2 Qd6 36. Rc1 Kg8 37. Qb5 Rd8 38. Rc3 Kh7 39. Bc2 Kg8 40. Bd3
Kf7 41. Qb1 Kf6 42. Qc2 Qe6 43. Rc7 Rc8 44. a4 Rxc7 45. Qxc7 Kf7 46. Kg1 g6 47.
hxg6+ Qxg6 48. Qd8 Qf6 49. Be2 Kg7 50. Qd7 Kg6 51. Bf3 Qf7 52. Bd1 Kf6 53. Qd8
Qe6 54. Qf8+ Kg6 55. Be2 Ng8 56. Bd3 Nf6 57. Kg2 h5 58. Qb8 Ne4 59. Bc2 Qd6 60.
Qg8+ Kh6 61. Qf7 Qc6 62. Bd1 Nf6 63. Be2 Qd6 64. Bd3 Ne4 65. Qxf5 Qa3 66. Bxe4
dxe4 67. d5 Qxa4 68. d6 Qd1 69. Qf6+ Kh7 70. Qf7+ Kh6 71. d7 1-0

[Event "32. Balaton Festival 2014 - Open"]
[Site "Balatonboglár"]
[Date "2014.06.17"]
[Round "4.2"]
[White "Babits, Andras"]
[Black "Nemeth, Andras"]
[Result "1-0"]
[WhiteElo "2082"]
[BlackElo "2043"]
[PlyCount "45"]
[EventDate "2014.06.14"]
[EventType "swiss"]
[EventRounds "9"]
[EventCountry "HUN"]
[Source "lmi"]
[SourceDate "2014.06.14"]

1. e4 e5 2. Bc4 Nf6 3. d3 c6 4. Nf3 Bd6 5. Nc3 h6 6. O-O Bc7 7. d4 b5 8. dxe5
Ng4 9. Bb3 Nxe5 10. Nxe5 Bxe5 11. Nxb5 Qf6 12. f4 cxb5 13. fxe5 Qb6+ 14. Kh1
Rf8 15. Qh5 Nc6 16. Rxf7 Rxf7 17. Qxf7+ Kd8 18. Bf4 g5 19. Bg3 Qc5 20. Rd1 Qe7
21. e6 a5 22. Bd6 Qe8 23. Bc7+ 1-0

[Event "32. Balaton Festival 2014 - Open"]
[Site "Balatonboglár"]
[Date "2014.06.17"]
[Round "4.3"]
[White "Szabo, Zsolt"]
[Black "Farago, Ivan"]
[Result "0-1"]
[WhiteElo "2303"]
[BlackElo "2441"]
[PlyCount "76"]
[EventDate "2014.06.14"]
[EventType "swiss"]
[EventRounds "9"]
[EventCountry "HUN"]
[Source "lmi"]
[SourceDate "2014.06.14"]

1. d4 Nf6 2. c4 e6 3. Nc3 Bb4 4. e3 O-O 5. Bd3 d5 6. a3 Bxc3+ 7. bxc3 c6 8. Ne2
b6 9. O-O Ba6 10. cxd5 Bxd3 11. Qxd3 cxd5 12. f3 Qc7 13. e4 Rc8 14. Bg5 Nbd7
15. Qe3 Qc6 16. e5 Ne8 17. Rac1 f6 18. exf6 Nexf6 19. Rfe1 Re8 20. Qf4 Rac8 21.
Ng3 Qc7 22. Qh4 Qd6 23. a4 Rc4 24. Nh5 Nxh5 25. Qxh5 Rec8 26. Qg4 Nf8 27. Bf6
Qd7 28. Re3 Rxa4 29. h4 Rac4 30. h5 h6 31. Be5 Qf7 32. f4 Nh7 33. Bxg7 Qxg7 34.
Qxe6+ Kh8 35. Rce1 Nf6 36. Qh3 Ne4 37. Qf5 Rg8 38. R1e2 Rxc3 0-1

[Event "32. Balaton Festival 2014 - Open"]
[Site "Balatonboglár"]
[Date "2014.06.17"]
[Round "4.4"]
[White "Pirisi, Gabor"]
[Black "Kincs, Imre"]
[Result "0-1"]
[WhiteElo "2246"]
[BlackElo "2100"]
[PlyCount "100"]
[EventDate "2014.06.14"]
[EventType "swiss"]
[EventRounds "9"]
[EventCountry "HUN"]
[Source "lmi"]
[SourceDate "2014.06.14"]

1. c4 e5 2. Nc3 Nf6 3. g3 d5 4. cxd5 Nxd5 5. Bg2 Be6 6. Nf3 Nc6 7. d3 Be7 8.
O-O Nb6 9. Bd2 g5 10. Qc1 g4 11. Ng5 Bc8 12. Nb5 Bd7 13. Ne4 a6 14. Na3 Nd4 15.
Nc3 Bc6 16. Nc2 Bxg2 17. Kxg2 h5 18. Nxd4 exd4 19. Nb1 h4 20. Bf4 Qd5+ 21. f3
c6 22. e4 Qb5 23. Qc2 Na4 24. Nd2 hxg3 25. Bxg3 Qxb2 26. Qxb2 Nxb2 27. Rab1
Nxd3 28. Rxb7 gxf3+ 29. Rxf3 Nc5 30. Rc7 Rh6 31. Nc4 Nxe4 32. Ne5 Nxg3 33. Nxf7
Re6 34. Kxg3 Rb8 35. h4 Rb5 36. Ra7 Rh5 37. Ng5 Bxg5 38. hxg5 Rxg5+ 39. Kf2 c5
40. Rff7 Rge5 41. Rh7 Re7 42. Ra8+ Kd7 43. Ra7+ Kd6 44. Rxa6+ Kd5 45. Rhh6 Rf5+
46. Kg3 Rg7+ 47. Kh4 Rf1 48. Rh5+ Kc4 49. Ra4+ Kb5 50. Rxd4 Rh1# 0-1

[Event "32. Balaton Festival 2014 - Open"]
[Site "Balatonboglár"]
[Date "2014.06.17"]
[Round "4.6"]
[White "Gaal, Alexander"]
[Black "Csala, Imre"]
[Result "0-1"]
[WhiteElo "1980"]
[BlackElo "2192"]
[PlyCount "82"]
[EventDate "2014.06.14"]
[EventType "swiss"]
[EventRounds "9"]
[EventCountry "HUN"]
[Source "lmi"]
[SourceDate "2014.06.14"]

1. c4 e6 2. Nf3 d5 3. e3 Nf6 4. b3 c5 5. Bb2 Nc6 6. d4 cxd4 7. Nxd4 Bb4+ 8. Bc3
Qa5 9. Qd2 Nxd4 10. Qxd4 O-O 11. Bxb4 Qxb4+ 12. Qc3 Qe7 13. Nd2 e5 14. cxd5
Nxd5 15. Qb2 Bg4 16. Bc4 Rad8 17. h3 Bh5 18. O-O Nb6 19. Rac1 Nxc4 20. Rxc4 Be2
21. Rfc1 Bxc4 22. Rxc4 b5 23. Rc2 Rd7 24. Qc3 Rfd8 25. Ne4 Rd1+ 26. Kh2 f5 27.
Ng3 g6 28. Qc6 R1d2 29. Rc5 a6 30. b4 R2d6 31. Qf3 Qg7 32. Ne2 Rd2 33. Nc3 R2d3
34. a4 e4 35. Nxe4 fxe4 36. Qxe4 bxa4 37. Qc4+ Qf7 38. Qxa6 a3 39. Ra5 Qc7+ 40.
g3 Qf7 41. Kg2 Rd2 0-1

[Event "32. Balaton Festival 2014 - Open"]
[Site "Balatonboglár"]
[Date "2014.06.17"]
[Round "4.7"]
[White "Toth, Sarolta"]
[Black "Pozsonyi, Istvan"]
[Result "0-1"]
[WhiteElo "2176"]
[BlackElo "2016"]
[PlyCount "72"]
[EventDate "2014.06.14"]
[EventType "swiss"]
[EventRounds "9"]
[EventCountry "HUN"]
[Source "lmi"]
[SourceDate "2014.06.14"]

1. Nf3 c5 2. c4 b6 3. g3 Bb7 4. Bg2 Nf6 5. O-O e6 6. b3 Be7 7. Bb2 d6 8. e3
Nbd7 9. d4 Qc7 10. Nbd2 O-O 11. Qe2 Rfe8 12. a3 a5 13. Rfc1 Bf8 14. e4 e5 15.
d5 g6 16. Ne1 Nh5 17. Nd3 Bh6 18. Rf1 Re7 19. f4 f6 20. Rf2 Rf8 21. Raf1 Bc8
22. Nb1 Ba6 23. Bc1 exf4 24. gxf4 f5 25. e5 a4 26. Qd1 Bg7 27. e6 Ndf6 28. Re2
Ng4 29. Ne5 axb3 30. Rf3 Bxe5 31. fxe5 Bxc4 32. Re1 Rd8 33. Rc3 dxe5 34. Rxc4
e4 35. Bg5 Qxh2+ 36. Kf1 Ng3# 0-1

[Event "32. Balaton Festival 2014 - Open"]
[Site "Balatonboglár"]
[Date "2014.06.17"]
[Round "4.8"]
[White "Srebrnic, Vojko"]
[Black "Lang, Gusztav"]
[Result "1-0"]
[WhiteElo "2163"]
[BlackElo "1986"]
[PlyCount "83"]
[EventDate "2014.06.14"]
[EventType "swiss"]
[EventRounds "9"]
[EventCountry "HUN"]
[Source "lmi"]
[SourceDate "2014.06.14"]

1. e4 e5 2. Bc4 Nf6 3. d3 c6 4. Nf3 d5 5. Bb3 Bd6 6. Nc3 h6 7. O-O d4 8. Ne2
Qe7 9. Nexd4 exd4 10. e5 O-O 11. exd6 Qxd6 12. h3 Na6 13. Bd2 Re8 14. Re1 Bf5
15. Nh4 Bh7 16. Qf3 Nc7 17. Nf5 Bxf5 18. Qxf5 Ncd5 19. Qf3 Rad8 20. Qg3 Qxg3
21. fxg3 Kf8 22. Kf2 Rxe1 23. Rxe1 Re8 24. Rxe8+ Kxe8 25. Kf3 Nc7 26. g4 Ke7
27. g5 hxg5 28. Bxg5 b6 29. h4 c5 30. Kf4 Ne6+ 31. Bxe6 Kxe6 32. Bxf6 Kxf6 33.
h5 Ke6 34. g4 f6 35. Ke4 a6 36. a4 Kf7 37. Kf5 g6+ 38. hxg6+ Kg7 39. g5 fxg5
40. Kxg5 Kg8 41. Kf6 Kf8 42. Ke6 1-0

[Event "32. Balaton Festival 2014 - Open"]
[Site "Balatonboglár"]
[Date "2014.06.17"]
[Round "4.9"]
[White "Grabow, Pouelsten Holm"]
[Black "Vitai, Tamas"]
[Result "1-0"]
[WhiteElo "2147"]
[BlackElo "1946"]
[PlyCount "45"]
[EventDate "2014.06.14"]
[EventType "swiss"]
[EventRounds "9"]
[EventCountry "HUN"]
[Source "lmi"]
[SourceDate "2014.06.14"]

1. c4 c6 2. Nc3 d5 3. cxd5 cxd5 4. d4 Nf6 5. Nf3 Nc6 6. Bf4 a6 7. Rc1 e6 8. e3
Be7 9. Bd3 O-O 10. O-O b5 11. Nxb5 axb5 12. Rxc6 Bd7 13. Rc1 Rxa2 14. Qb3 Qa5
15. Ne5 Qa4 16. Qc2 b4 17. Qxa4 Bxa4 18. Rc7 Bd6 19. Ra7 Bxe5 20. Bxe5 Rc8 21.
Bb1 Ra1 22. Bxh7+ Kxh7 23. Rxa1 1-0

[Event "32. Balaton Festival 2014 - Open"]
[Site "Balatonboglár"]
[Date "2014.06.17"]
[Round "4.10"]
[White "Metaxasz, Vaszilisz"]
[Black "Kozma, Edit"]
[Result "1/2-1/2"]
[WhiteElo "2068"]
[BlackElo "1962"]
[PlyCount "61"]
[EventDate "2014.06.14"]
[EventType "swiss"]
[EventRounds "9"]
[EventCountry "HUN"]
[Source "lmi"]
[SourceDate "2014.06.14"]

1. d4 Nf6 2. g3 g6 3. Bg2 d5 4. Nf3 Bg7 5. O-O O-O 6. c4 dxc4 7. Na3 c6 8. Nxc4
Be6 9. b3 h6 10. Bb2 Nbd7 11. Nfe5 Nxe5 12. Nxe5 Nd7 13. Nd3 f5 14. Qd2 Kh7 15.
Nf4 Bg8 16. d5 Bxb2 17. Qxb2 cxd5 18. Bxd5 Bxd5 19. Nxd5 Nf6 20. Nf4 Qb6 21.
Rad1 Rfd8 22. Qe5 Qb4 23. Ne6 Rxd1 24. Rxd1 Rc8 25. Rd4 Rc1+ 26. Kg2 Qe1 27.
Ng5+ hxg5 28. Qxe7+ Kh6 29. Qf8+ Kh7 30. Qf7+ Kh6 31. Qf8+ 1/2-1/2

[Event "32. Balaton Festival 2014 - Open"]
[Site "Balatonboglár"]
[Date "2014.06.17"]
[Round "4.11"]
[White "Nemeth, Attila Janos"]
[Black "Orban, Tiberiu"]
[Result "1-0"]
[WhiteElo "2041"]
[BlackElo "1876"]
[PlyCount "43"]
[EventDate "2014.06.14"]
[EventType "swiss"]
[EventRounds "9"]
[EventCountry "HUN"]
[Source "lmi"]
[SourceDate "2014.06.14"]

1. d4 Nf6 2. c4 e6 3. Nf3 b6 4. Nc3 Bb7 5. Bg5 Bb4 6. Qc2 O-O 7. a3 Bxc3+ 8.
Qxc3 h6 9. Bh4 d6 10. Rd1 Nbd7 11. Qc1 Qc8 12. e3 g5 13. Bg3 Ne4 14. Nd2 Ndf6
15. f3 Nxg3 16. hxg3 Kg7 17. e4 e5 18. dxe5 dxe5 19. c5 Bc6 20. Nc4 Qe6 21. Ne3
Ba4 22. Bc4 1-0

[Event "32. Balaton Festival 2014 - Open"]
[Site "Balatonboglár"]
[Date "2014.06.17"]
[Round "4.15"]
[White "Hatos, Istvan"]
[Black "Baliuniene, Margarita"]
[Result "0-1"]
[WhiteElo "1763"]
[BlackElo "1957"]
[PlyCount "80"]
[EventDate "2014.06.14"]
[EventType "swiss"]
[EventRounds "9"]
[EventCountry "HUN"]
[Source "lmi"]
[SourceDate "2014.06.14"]

1. d4 d5 2. c4 e6 3. e3 Nf6 4. Nf3 Be7 5. Nc3 O-O 6. Be2 b6 7. cxd5 exd5 8. O-O
Bb7 9. b3 Nbd7 10. Bb2 c5 11. Rc1 Rc8 12. a3 a6 13. h3 c4 14. Nd2 b5 15. Bf3
Qb6 16. Rb1 Rfe8 17. Qc2 Nf8 18. e4 cxb3 19. Qxb3 dxe4 20. Ncxe4 Ne6 21. Nxf6+
Bxf6 22. Bxb7 Qxb7 23. Nf3 Red8 24. Rbd1 Rc4 25. Rc1 Rxc1 26. Rxc1 Nxd4 27.
Bxd4 Bxd4 28. Rd1 Bf6 29. Rxd8+ Bxd8 30. Qd3 Bf6 31. Qe3 g6 32. Nd2 Qe7 33. Ne4
Bb2 34. Qf3 Bxa3 35. Nf6+ Kg7 36. Nd5 Qe1+ 37. Kh2 Qe5+ 38. g3 Bc5 39. Nc3 Bxf2
40. Qxf2 Qxc3 0-1

[Event "32. Balaton Festival 2014 - Open"]
[Site "Balatonboglár"]
[Date "2014.06.17"]
[Round "4.16"]
[White "Radics, Laszlo Dr"]
[Black "Morvay, Eszter"]
[Result "1-0"]
[WhiteElo "1920"]
[BlackElo "1602"]
[PlyCount "119"]
[EventDate "2014.06.14"]
[EventType "swiss"]
[EventRounds "9"]
[EventCountry "HUN"]
[Source "lmi"]
[SourceDate "2014.06.14"]

1. e4 c5 2. Nc3 e6 3. Nf3 a6 4. d4 cxd4 5. Nxd4 Bc5 6. Nb3 Ba7 7. Bd3 Ne7 8.
Bg5 Nbc6 9. Qd2 b5 10. O-O-O O-O 11. f4 Re8 12. e5 Na5 13. f5 Nxb3+ 14. axb3
exf5 15. Nd5 d6 16. exd6 Qxd6 17. Nxe7+ Rxe7 18. Bxe7 Qxe7 19. Rhe1 Qf8 20. Re2
Be6 21. Rde1 Rc8 22. Kb1 Bc5 23. Rf1 Rd8 24. Qf4 g6 25. Rd1 a5 26. Red2 Rb8 27.
Bxb5 Be7 28. Qf1 Bg5 29. Rd4 Qc5 30. c4 Bf6 31. R4d2 Bg5 32. Rd6 Bf6 33. Qe2
Be5 34. Rc6 Qb4 35. Qxe5 Ra8 36. Rxe6 fxe6 37. Qxe6+ Kg7 38. Qe5+ Kh6 39. Qe3+
Kg7 40. Rd7+ Kf6 41. h4 Rf8 42. Qd4+ Ke6 43. Qd5+ Kf6 44. Qd6+ Qxd6 45. Rxd6+
Kg7 46. c5 Kh6 47. c6 Rc8 48. Rd7 a4 49. bxa4 Kh5 50. Rxh7+ Kg4 51. c7 Kg3 52.
Ba6 Rxc7 53. Rxc7 Kxg2 54. Rg7 f4 55. Rxg6+ Kf2 56. h5 f3 57. h6 Ke1 58. h7 f2
59. h8=Q f1=Q 60. Bxf1 1-0

[Event "32. Balaton Festival 2014 - Open"]
[Site "Balatonboglár"]
[Date "2014.06.18"]
[Round "5.2"]
[White "Nagy, Ervin Dr"]
[Black "Babits, Andras"]
[Result "1/2-1/2"]
[WhiteElo "2248"]
[BlackElo "2082"]
[PlyCount "50"]
[EventDate "2014.06.14"]
[EventType "swiss"]
[EventRounds "9"]
[EventCountry "HUN"]
[Source "lmi"]
[SourceDate "2014.06.14"]

1. e4 e5 2. Nf3 Nc6 3. Bc4 d6 4. d4 Bg4 5. dxe5 dxe5 6. Nbd2 Nf6 7. c3 Bd6 8.
Qb3 O-O 9. Qxb7 Na5 10. Qa6 Nxc4 11. Qxc4 Nh5 12. O-O Qf6 13. Re1 Nf4 14. g3
Nh3+ 15. Kg2 Be6 16. Qe2 Bc5 17. Nb3 Bxf2 18. Rf1 Bb6 19. Ng5 Qh6 20. Nxe6 Qxe6
21. Be3 h6 22. Nc5 Qc6 23. Kxh3 Bxc5 24. Bxc5 Qxc5 25. Rad1 Rad8 1/2-1/2

[Event "32. Balaton Festival 2014 - Open"]
[Site "Balatonboglár"]
[Date "2014.06.18"]
[Round "5.3"]
[White "Kincs, Imre"]
[Black "Balint, Vilmos"]
[Result "1-0"]
[WhiteElo "2100"]
[BlackElo "2211"]
[PlyCount "70"]
[EventDate "2014.06.14"]
[EventType "swiss"]
[EventRounds "9"]
[EventCountry "HUN"]
[Source "lmi"]
[SourceDate "2014.06.14"]

1. d4 f5 2. g3 g6 3. h4 Nf6 4. Nh3 d6 5. Bg2 Bg7 6. d5 O-O 7. Nf4 c6 8. c4 Qb6
9. Nc3 Ng4 10. Nd3 Nd7 11. Na4 Qd4 12. O-O Qxc4 13. Bg5 Ndf6 14. Rc1 Qb5 15.
dxc6 Ne4 16. Bxe7 Rf7 17. Bxd6 Bd4 18. Bxe4 fxe4 19. Nf4 Bxf2+ 20. Rxf2 Nxf2
21. Kxf2 Qf5 22. Rc5 Qh3 23. Rg5 Qh2+ 24. Ke3 bxc6 25. Qe1 Bf5 26. h5 h6 27.
Rxg6+ Bxg6 28. hxg6 Rd7 29. Be5 Re8 30. Nc5 Rd5 31. Nxd5 Rxe5 32. Nf6+ Kg7 33.
Ng4 Qh5 34. Nxe5 Qg5+ 35. Kxe4 Qd8 1-0